<?xml version="1.0" encoding="UTF-8"?><?xml-stylesheet type="text/xsl" href="static/style.xsl"?><OAI-PMH xmlns="http://www.openarchives.org/OAI/2.0/" xmlns:xsi="http://www.w3.org/2001/XMLSchema-instance" xsi:schemaLocation="http://www.openarchives.org/OAI/2.0/ http://www.openarchives.org/OAI/2.0/OAI-PMH.xsd"><responseDate>2026-04-17T02:58:49Z</responseDate><request verb="GetRecord" identifier="oai:www.recercat.cat:11351/8950" metadataPrefix="marc">https://recercat.cat/oai/request</request><GetRecord><record><header><identifier>oai:recercat.cat:11351/8950</identifier><datestamp>2025-10-24T10:29:36Z</datestamp><setSpec>com_2072_378070</setSpec><setSpec>com_2072_378040</setSpec><setSpec>col_2072_378092</setSpec></header><metadata><record xmlns="http://www.loc.gov/MARC21/slim" xmlns:dcterms="http://purl.org/dc/terms/" xmlns:xsi="http://www.w3.org/2001/XMLSchema-instance" xmlns:doc="http://www.lyncode.com/xoai" xsi:schemaLocation="http://www.loc.gov/MARC21/slim http://www.loc.gov/standards/marcxml/schema/MARC21slim.xsd">
   <leader>00925njm 22002777a 4500</leader>
   <datafield ind2=" " ind1=" " tag="042">
      <subfield code="a">dc</subfield>
   </datafield>
   <datafield ind2=" " ind1=" " tag="720">
      <subfield code="a">González Suárez, Susana</subfield>
      <subfield code="e">author</subfield>
   </datafield>
   <datafield ind2=" " ind1=" " tag="720">
      <subfield code="a">Barbara Ferreras, Antonio</subfield>
      <subfield code="e">author</subfield>
   </datafield>
   <datafield ind2=" " ind1=" " tag="720">
      <subfield code="a">Caicedo Toro, Melissa</subfield>
      <subfield code="e">author</subfield>
   </datafield>
   <datafield ind2=" " ind1=" " tag="720">
      <subfield code="a">Aznar De Legarra, Macarena</subfield>
      <subfield code="e">author</subfield>
   </datafield>
   <datafield ind2=" " ind1=" " tag="260">
      <subfield code="c">2023-02-02T07:24:12Z</subfield>
   </datafield>
   <datafield ind2=" " ind1=" " tag="260">
      <subfield code="c">2023-02-02T07:24:12Z</subfield>
   </datafield>
   <datafield ind2=" " ind1=" " tag="260">
      <subfield code="c">2022-06-16</subfield>
   </datafield>
   <datafield ind2=" " ind1=" " tag="520">
      <subfield code="a">Lung ultrasound; Post-COVID-19 patients; Postoperative pulmonary complications</subfield>
   </datafield>
   <datafield ind2=" " ind1=" " tag="520">
      <subfield code="a">Ecografía pulmonar; Pacientes post-COVID-19; Complicaciones pulmonares postoperatorias</subfield>
   </datafield>
   <datafield ind2=" " ind1=" " tag="520">
      <subfield code="a">Ecografia pulmonar; Pacients post-COVID-19; Complicacions pulmonars postoperatòries</subfield>
   </datafield>
   <datafield ind2=" " ind1=" " tag="520">
      <subfield code="a">Background For patients with a clinical course of active SARS-CoV-2 (severe acute respiratory syndrome coronavirus 2) infection, there may be a higher risk of perioperative complications. Our main objective is to detect the residual pulmonary alterations in asymptomatic patients after SARS-CoV-2 infection undergoing surgery and determine their relationship with the clinical course of SARS-CoV-2 infection. The secondary aim is to investigate whether the presence of residual pulmonary alterations have any affects on the severity of postoperative pulmonary complications. Methods After approval by the Hospital’s Ethical Committee, this prospective observational study included consecutive patients (n=103) undergoing various surgical procedures and anesthetic techniques with a history of past SARS-CoV-2 infection. On the day of surgery these patients remained asymptomatic and the polymerase chain reaction (PCR) test for SARS-CoV-2 was negative. The history, physical findings, and clinical course of SARS-CoV-2 infection were recorded. Lung ultrasound was performed before surgery to evaluate the possible residual pulmonary alterations (≥ 3 B-lines and pleural thickening), along with determitation of pulmonary static compliance values during surgery. Postoperative pulmonary complications were collected during hospital stay. Results 24.27% (n=25) patients presented ≥ 3 B-lines, and 28% (n=29) patients presented pleural thickening. For 15 patients (21.7%) the pulmonary compliance was &lt; 40 mL/cm H2O. Patients with pleural thickening had a higher incidence of pneumonia, acute respiratory syndrome distress, a need for vasoactive drugs and required more days of hospitalization during SARS-CoV-2 infection (p= 0.004, 0.001, 0.03, 0.00 respectively). Patients with ≥ 3 B-lines needed more days in an intensive care unit and vasoactive drugs during SARS-CoV2 infection (p= 0.04, 0.004 respectively). Postoperative pulmonary complications were observed in 5.8% (n=6) of the patients, and were more frequent in the presence of both, ≥ 3 B-lines and pleural thickening (p= 0.01). Conclusions In asymptomatic post-COVID-19 patients, pathological findings detected by lung ultrasound before surgery are associated with the severity of the SARS-CoV2 infection and resulted in more postoperative pulmonary complications. In these patients, the incidence of postoperative pulmonary complications appears similar to that described in the surgical population before the pandemic.</subfield>
   </datafield>
   <datafield ind1="8" ind2=" " tag="024">
      <subfield code="a">http://hdl.handle.net/11351/8950</subfield>
   </datafield>
   <datafield tag="653" ind2=" " ind1=" ">
      <subfield code="a">Pulmons - Imatgeria</subfield>
   </datafield>
   <datafield tag="653" ind2=" " ind1=" ">
      <subfield code="a">COVID-19 (Malaltia)</subfield>
   </datafield>
   <datafield tag="653" ind2=" " ind1=" ">
      <subfield code="a">Cirurgia - Complicacions</subfield>
   </datafield>
   <datafield tag="653" ind2=" " ind1=" ">
      <subfield code="a">DISEASES::Pathological Conditions, Signs and Symptoms::Pathologic Processes::Postoperative Complications</subfield>
   </datafield>
   <datafield tag="653" ind2=" " ind1=" ">
      <subfield code="a">DISEASES::Virus Diseases::RNA Virus Infections::Nidovirales Infections::Coronaviridae Infections::Coronavirus Infections</subfield>
   </datafield>
   <datafield tag="653" ind2=" " ind1=" ">
      <subfield code="a">ANATOMY::Respiratory System::Lung</subfield>
   </datafield>
   <datafield tag="653" ind2=" " ind1=" ">
      <subfield code="a">Other subheadings::Other subheadings::Other subheadings::/diagnostic imaging</subfield>
   </datafield>
   <datafield tag="653" ind2=" " ind1=" ">
      <subfield code="a">ENFERMEDADES::afecciones patológicas, signos y síntomas::procesos patológicos::complicaciones posoperatorias</subfield>
   </datafield>
   <datafield tag="653" ind2=" " ind1=" ">
      <subfield code="a">ENFERMEDADES::virosis::infecciones por virus ARN::infecciones por Nidovirales::infecciones por Coronaviridae::infecciones por Coronavirus</subfield>
   </datafield>
   <datafield tag="653" ind2=" " ind1=" ">
      <subfield code="a">ANATOMÍA::sistema respiratorio::pulmón</subfield>
   </datafield>
   <datafield tag="653" ind2=" " ind1=" ">
      <subfield code="a">Otros calificadores::Otros calificadores::Otros calificadores::/diagnóstico por imagen</subfield>
   </datafield>
   <datafield ind2="0" ind1="0" tag="245">
      <subfield code="a">Detection of residual pulmonary alterations with lung ultrasound and effects on postoperative pulmonary complications for patients with asymptomatic SARS-CoV-2 infection undergoing surgeries</subfield>
   </datafield>
</record></metadata></record></GetRecord></OAI-PMH>